| 000 | 00746nam a2200181Ia 4500 | ||
|---|---|---|---|
| 008 | 090630s9999 xx 000 0 und d | ||
| 082 | _b18862 | ||
| 100 | _aपुंडलिक शास्त्री. | ||
| 245 |
_aसार्थ षड्रस्तोत्रमाला. _cपुंडलिक शास्त्री. |
||
| 260 |
_bअनिकेत - पुणे. _c2000 |
||
| 300 | _a56 | ||
| 600 | _aपुंडलिक शास्त्री. | ||
| 630 | _aसार्थ षड्रस्तोत्रमाला. | ||
| 655 | _aधार्मिक. | ||
| 700 | _aपुंडलिक शास्त्री. | ||
| 730 | _aसार्थ षड्रस्तोत्रमाला. | ||
| 942 | _cBOOK | ||
| 999 |
_c270718 _d270718 |
||